Cliquez sur les pays d'Europe dans l'ordre alphabétique sur une carte - Statistiques

Statistiques générales
  • Ce quiz a été pris 241 fois
    234 depuis la dernière actualisation
  • Le résultat moyen est 26 sur 45
Réponses sur la Carte
Les réponses sont colorées sur une échelle allant du rouge au vert en fonction du pourcentage des utilisateurs qui les ont devinées à leur premier essai. Vous pouvez retrouver ces pourcentages ci-dessous.
 
Statistiques - réponses
Réponse % Correct
10 : D...
83%
2 : A...
83%
1 : A...
81%
14 : F...
79%
12 : E...
77%
9 : C...
77%
15 : G...
75%
19 : I...
74%
44 : U...
74%
4 : A...
73%
5 : B...
72%
16 : H...
71%
45 : V...
71%
8 : B...
71%
13 : F...
70%
23 : L...
70%
30 : N...
70%
33 : P...
70%
20 : K...
68%
24 : L...
64%
37 : R...
64%
18 : I...
63%
3 : A...
63%
6 : B...
60%
43 : S...
59%
11 : E...
57%
17 : I...
56%
29 : M...
56%
21 : L...
54%
32 : P...
54%
41 : S...
50%
35 : R...
48%
27 : M...
47%
36 : R...
46%
42 : S...
46%
7 : B...
46%
25 : M...
42%
40 : S...
39%
39 : S...
36%
26 : M...
35%
31 : P...
32%
22 : L...
29%
28 : M...
26%
34 : R...
26%
38 : S...
12%
Aucun quiz correspondant
Distribution des résultats
% des personnes avec chaque résultat
Percentile par nombre de réponses
Votre historique - résultats
Vous n’avez pas pris ce quiz depuis la dernière actualisation